The social context of premarital sexual permissiveness /

Bibliographic Details
Main Author: Reiss, Ira L.
Format: Book
Language:English
Published: New York : Holt, Rinehart and Winston, [1967]
Subjects:

MARC

Tag First Indicator Second Indicator Subfields
LEADER 00000cam a22000001a 4500
001 in00000642000
005 20151015054559.0
008 740606s1967 nyu b 00110 engm
010 |a  67022609  
035 |a (OCoLC)00185092 
035 |9 ACU8787AM 
040 |a DLC  |c DLC  |d m.c.  |d TXA  |d UtOrBLW 
043 |a n-us--- 
049 |a TXAM  |c [386789] 
050 0 0 |a HQ18.U5  |b R43 
082 0 |a 301.41/5 
100 1 |a Reiss, Ira L. 
245 1 4 |a The social context of premarital sexual permissiveness /  |c Ira L. Reiss. 
264 1 |a New York :  |b Holt, Rinehart and Winston,  |c [1967] 
264 4 |c ©1967 
300 |a xiv, 256 pages ;  |c 24 cm. 
336 |a text  |b txt  |2 rdacontent 
337 |a unmediated  |b n  |2 rdamedia 
338 |a volume  |b nc  |2 rdacarrier 
500 |a Includes index. 
504 |a Bibliography: pages 234-245. 
650 0 |a Sex customs  |z United States. 
650 0 |a Sexual ethics. 
999 |a MARS 
999 f f |s 40163631-1436-3cf1-a22a-428ab14260ef  |i c72f49be-6d83-37af-8a51-555604cc2c98  |t 0 
952 f f |p ric  |a Texas A&M University  |b Rellis Campus  |c Joint Library Facility  |d Remote Storage  |t 0  |e HQ18.U5 R43  |h Library of Congress classification  |i unmediated -- volume  |m A14802950313 
998 f f |a HQ18.U5 R43  |t 0  |l Remote Storage